[Event "RUS-chT 07th"]
[Site "Smolensk"]
[Date "2000.04.23"]
[Round "9"]
[White "Svirin, Oleg"]
[Black "Frolov, Andrei"]
[Result "1-0"]
[WhiteElo "2366"]
[BlackElo "2233"]
[PlyCount "78"]
[EventDate "2000.04.15"]
[EventType "team-tourn"]
[EventRounds "11"]
[EventCountry "RUS"]
[SourceTitle "EXT 2020"]
[Source "ChessBase"]
[SourceDate "2019.10.17"]
[SourceVersion "1"]
[SourceVersionDate "2019.10.17"]
[SourceQuality "1"]
[WhiteTeam "Smolensk TsEM"]
[BlackTeam "Moscow Saulin PRSFI"]
[WhiteTeamCountry "RUS"]
[BlackTeamCountry "RUS"]

1. Nf3 Nf6 2. c4 g6 3. Nc3 Bg7 4. e4 d6 5. d4 0-0 6. Be2 e5 7. dxe5 dxe5 8. Qxd8 Rxd8 9. Bg5 Re8 10. Nd5 Nxd5 11. cxd5 c6 12. Bc4 cxd5 13. Bxd5 Nc6 14. 0-0-0 Bg4 15. Kb1 Nd4 16. Nxd4 exd4 17. f3 Be6 18. Bxb7 Rab8 19. Ba6 Rb4 20. Bd3 Reb8 21. Rd2 Ra4 22. b3 Bf8 23. Bc2 Bg7 24. Rhd1 Rab4 25. Bf4 R8b7 26. Bd6 R4b5 27. e5 Bxe5 28. Bxe5 Rxe5 29. Rxd4 Rh5 30. h4 Re5 31. Re4 Rc5 32. Rd2 Rbc7 33. Kb2 a5 34. Red4 Kg7 35. Bd3 h5 36. Rc2 Rxc2+ 37. Bxc2 Rc5 38. Bd3 Re5 39. Bc4 Bc8 1-0

[Event "RUS-chT 06th"]
[Site "St Petersburg"]
[Date "1999.05.23"]
[Round "8"]
[White "Sivokho, Sergey V"]
[Black "Svirin, Oleg"]
[Result "1-0"]
[WhiteElo "2435"]
[BlackElo "2368"]
[PlyCount "107"]
[EventDate "1999.05.16"]
[EventType "team-tourn"]
[EventRounds "9"]
[EventCountry "RUS"]
[SourceTitle "EXT 2020"]
[Source "ChessBase"]
[SourceDate "2019.10.17"]
[SourceVersion "1"]
[SourceVersionDate "2019.10.17"]
[SourceQuality "1"]
[WhiteTeam "Murmansk OShK"]
[BlackTeam "Smolensk TsEM"]
[WhiteTeamCountry "RUS"]
[BlackTeamCountry "RUS"]

1. e4 e5 2. Nf3 Nc6 3. Bb5 a6 4. Ba4 Nf6 5. 0-0 Be7 6. Bxc6 dxc6 7. Qe1 0-0 8. Nxe5 Bd6 9. Nc4 Bxh2+ 10. Kxh2 Ng4+ 11. Kg3 h5 12. Ne3 h4+ 13. Kf3 Nh2+ 14. Ke2 Nxf1 15. Kxf1 Qd6 16. Kg1 Bd7 17. d3 Rae8 18. Nc4 Qg6 19. f4 h3 20. g3 f5 21. e5 h2+ 22. Kxh2 Qh5+ 23. Kg1 Rf6 24. Nbd2 Rh6 25. Kf2 Qh2+ 26. Ke3 Rh3 27. Nf1 Qxc2 28. Qd2 Qa4 29. b3 Qb5 30. Qg2 Rh6 31. Bb2 Be6 32. Kd2 a5 33. Kc2 a4 34. Nfd2 Ra8 35. Rf1 axb3+ 36. axb3 Qc5 37. Qf2 Qe7 38. g4 Rh3 39. Qg2 fxg4 40. f5 Bxc4 41. dxc4 Qd7 42. Qxg4 Qd3+ 43. Kc1 Rg3 44. Qe4 Qxe4 45. Nxe4 Rxb3 46. f6 gxf6 47. exf6 Kf7 48. Rg1 Rb4 49. Rg7+ Ke6 50. Ng5+ Kd6 51. c5+ Kxc5 52. f7 Rc4+ 53. Kb1 Rf4 54. Ne6+ 1-0

[Event "RUS-chT 06th"]
[Site "St Petersburg"]
[Date "1999.05.20"]
[Round "5"]
[White "Gutov, Andrey"]
[Black "Svirin, Oleg"]
[Result "1-0"]
[WhiteElo "2278"]
[BlackElo "2368"]
[PlyCount "79"]
[EventDate "1999.05.16"]
[EventType "team-tourn"]
[EventRounds "9"]
[EventCountry "RUS"]
[SourceTitle "EXT 2020"]
[Source "ChessBase"]
[SourceDate "2019.10.17"]
[SourceVersion "1"]
[SourceVersionDate "2019.10.17"]
[SourceQuality "1"]
[WhiteTeam "Novokuznetsk"]
[BlackTeam "Smolensk TsEM"]
[WhiteTeamCountry "RUS"]
[BlackTeamCountry "RUS"]

1. d4 d5 2. c4 c6 3. Nf3 Nf6 4. e3 e6 5. Nbd2 Nbd7 6. Bd3 Be7 7. 0-0 b6 8. e4 dxe4 9. Nxe4 Bb7 10. Bf4 Nxe4 11. Bxe4 Nf6 12. Bc2 0-0 13. Qe2 c5 14. Rad1 cxd4 15. Nxd4 Qc8 16. Be5 Rd8 17. Rfe1 Qc5 18. b3 a6 19. a4 Rac8 20. Qd3 g6 21. Qh3 Qa5 22. Re3 Be4 23. Bxe4 Qxe5 24. Bf3 Qc5 25. Red3 Rd6 26. Nc2 Rxd3 27. Rxd3 b5 28. Ne3 bxa4 29. bxa4 Qb4 30. g3 Qxa4 31. Qh6 Qb4 32. g4 Rb8 33. g5 Qe1+ 34. Kg2 Rb2 35. Nd1 Ne8 36. Rd7 Bf8 37. Qh4 Qe5 38. Nxb2 Qxb2 39. Qf4 Ng7 40. Qxf7+ 1-0

[Event "RUS-chT 06th"]
[Site "St Petersburg"]
[Date "1999.05.17"]
[Round "2"]
[White "Svirin, Oleg"]
[Black "Batsanin, Dmitry"]
[Result "0-1"]
[WhiteElo "2368"]
[BlackElo "2298"]
[PlyCount "85"]
[EventDate "1999.05.16"]
[EventType "team-tourn"]
[EventRounds "9"]
[EventCountry "RUS"]
[SourceTitle "EXT 2020"]
[Source "ChessBase"]
[SourceDate "2019.10.17"]
[SourceVersion "1"]
[SourceVersionDate "2019.10.17"]
[SourceQuality "1"]
[WhiteTeam "Smolensk TsEM"]
[BlackTeam "Vladivostok Debiut-DVGU"]
[WhiteTeamCountry "RUS"]
[BlackTeamCountry "RUS"]

1. Nf3 d5 2. d4 Nf6 3. c4 dxc4 4. Nc3 c5 5. e4 e6 6. Bxc4 cxd4 7. Nxd4 a6 8. e5 Nfd7 9. Bf4 Nb6 10. Bb3 Bc5 11. Be3 N8d7 12. 0-0 Nxe5 13. Nxe6 Bxe6 14. Bxc5 Qxd1 15. Rfxd1 Bxb3 16. axb3 Nbd7 17. Ba3 f5 18. Rac1 Nc6 19. Rd5 0-0-0 20. Rxf5 Nde5 21. g3 Nd3 22. Rc2 Nd4 23. Be7 Nxc2 24. Nd5 Nd4 25. Nb6+ Kb8 26. Rf7 Rde8 27. Bd6+ Ka7 28. Nd5 Re1+ 29. Kg2 Rc8 30. Bc7 Rxc7 31. Rxc7 Re5 32. Nc3 Nc5 33. f4 Rf5 34. g4 Rxf4 35. Rxc5 Rxg4+ 36. Kh3 Rg6 37. Rc7 Ne6 38. Re7 Nf4+ 39. Kh4 Rg2 40. Ne4 Rxb2 41. Kg4 Nd5 42. Rxg7 Rxh2 43. Nc5 0-1

[Event "RUS-ch sf"]
[Site "Tula"]
[Date "1998.??.??"]
[Round "4"]
[White "Svirin, Oleg"]
[Black "Yevseev, Denis"]
[Result "1/2-1/2"]
[WhiteElo "2380"]
[BlackElo "2455"]
[PlyCount "37"]
[EventDate "1998.??.??"]
[EventType "swiss"]
[EventRounds "9"]
[EventCountry "RUS"]
[SourceTitle "EXT 2000"]
[Source "ChessBase"]
[SourceDate "1999.11.16"]
[SourceVersion "1"]
[SourceVersionDate "1999.11.16"]
[SourceQuality "1"]

1. Nf3 d5 2. d4 Nf6 3. c4 c6 4. Nc3 e6 5. e3 Nbd7 6. Qc2 Bd6 7. Be2 0-0 8. 0-0 dxc4 9. Bxc4 b5 10. Bd3 Bb7 11. e4 e5 12. dxe5 Nxe5 13. Nxe5 Bxe5 14. h3 b4 15. Ne2 c5 16. Be3 Rc8 17. Rad1 c4 18. Bxc4 Qc7 19. b3 1/2-1/2

[Event "RUS-ch sf"]
[Site "Tula"]
[Date "1998.??.??"]
[Round "6"]
[White "Svirin, Oleg"]
[Black "Zakharevich, Igor"]
[Result "0-1"]
[WhiteElo "2380"]
[BlackElo "2530"]
[PlyCount "88"]
[EventDate "1998.??.??"]
[EventType "swiss"]
[EventRounds "9"]
[EventCountry "RUS"]
[SourceTitle "EXT 2000"]
[Source "ChessBase"]
[SourceDate "1999.11.16"]
[SourceVersion "1"]
[SourceVersionDate "1999.11.16"]
[SourceQuality "1"]

1. Nf3 g6 2. c4 Bg7 3. e4 e5 4. d4 exd4 5. Nxd4 d6 6. Nc3 Nc6 7. Be3 Nge7 8. Qd2 0-0 9. Be2 f5 10. exf5 Bxd4 11. Bxd4 Nxf5 12. Be3 Nxe3 13. Qxe3 Qf6 14. Rd1 Bg4 15. f3 Rae8 16. Qf2 Be6 17. 0-0 a6 18. Rfe1 Ne5 19. Qd4 b6 20. Nd5 Bxd5 21. cxd5 Re7 22. Kh1 a5 23. Bb5 Qg5 24. Re4 Ref7 25. Qc3 Rf4 26. Qc1 Qf6 27. Re3 Rb4 28. Be2 Rf7 29. g3 Nd7 30. Rc3 Nc5 31. b3 a4 32. Rc4 Rxc4 33. Qxc4 axb3 34. axb3 Re7 35. b4 Na4 36. Rf1 Qc3 37. Qb5 Qe3 38. Bd3 Nb2 39. Be4 Qc3 40. Kg2 Nc4 41. Rf2 Ne3+ 42. Kh3 Qg7 43. g4 Qh6+ 44. Kg3 g5 0-1

[Event "Novgorod op"]
[Site "Novgorod"]
[Date "1995.??.??"]
[Round "2"]
[White "Korneev, Oleg"]
[Black "Svirin, Oleg"]
[Result "1-0"]
[WhiteElo "2540"]
[BlackElo "2420"]
[PlyCount "103"]
[EventDate "1995.05.??"]
[EventType "swiss"]
[EventRounds "9"]
[EventCountry "RUS"]
[SourceTitle "EXT 2000"]
[Source "ChessBase"]
[SourceDate "1999.11.16"]
[SourceVersion "1"]
[SourceVersionDate "1999.11.16"]
[SourceQuality "1"]

1. e4 e5 2. Nf3 Nc6 3. Bb5 a6 4. Ba4 Nf6 5. 0-0 b5 6. Bb3 Be7 7. a4 Bb7 8. d3 0-0 9. Re1 d6 10. c3 Re8 11. Na3 h6 12. Bd2 Na7 13. c4 c6 14. cxb5 axb5 15. axb5 Nxb5 16. Nc4 Rxa1 17. Qxa1 Nd7 18. Na5 Ba8 19. Qa2 Rf8 20. h3 Nc5 21. Bc4 Qd7 22. b4 Ne6 23. Be3 Bf6 24. Bb3 d5 25. Rc1 Ned4 26. Nh2 Be7 27. exd5 cxd5 28. Ba4 Qd6 29. Bxb5 Nxb5 30. Bc5 Qe6 31. Nf3 Rc8 32. Qa4 Nd6 33. Re1 f6 34. Nd4 Qf7 35. Ndc6 Bxc6 36. Nxc6 Nf5 37. Nxe7+ Nxe7 38. Qd7 Re8 39. d4 Ng6 40. Qxf7+ Kxf7 41. b5 Rb8 42. b6 Nf8 43. Rb1 Nd7 44. b7 Nxc5 45. dxc5 Ke7 46. Rb6 Kd7 47. c6+ Kc7 48. Ra6 d4 49. f3 f5 50. Kf2 g6 51. Ra8 h5 52. h4 1-0

[Event "RUS-chT2"]
[Site "Bryansk"]
[Date "1995.??.??"]
[Round "7"]
[White "Margolin, Boris"]
[Black "Svirin, Oleg"]
[Result "1/2-1/2"]
[WhiteElo "2390"]
[BlackElo "2420"]
[PlyCount "60"]
[EventDate "1995.??.??"]
[EventType "team"]
[EventRounds "9"]
[EventCountry "RUS"]
[SourceTitle "EXT 1998"]
[Source "ChessBase"]
[SourceDate "1997.11.17"]
[SourceVersion "1"]
[SourceVersionDate "1997.11.17"]
[SourceQuality "1"]

1. e4 e5 2. Nf3 Nc6 3. Bb5 a6 4. Ba4 Nf6 5. Qe2 b5 6. Bb3 Be7 7. c3 0-0 8. 0-0 d6 9. Rd1 Na5 10. Bc2 c5 11. d3 Nc6 12. Nbd2 Re8 13. Nf1 Qc7 14. Ng3 Be6 15. h3 h6 16. Nh2 d5 17. exd5 Nxd5 18. Qf3 Bg5 19. Bxg5 hxg5 20. d4 exd4 21. Qh5 g6 22. Qh6 Qf4 23. Nf3 Qf6 24. Ne4 Qg7 25. Qxg7+ Kxg7 26. Nxc5 dxc3 27. Nxe6+ fxe6 28. bxc3 Nxc3 29. Rd6 Nb4 30. Bb3 Rab8 1/2-1/2

[Event "RUS-chT2"]
[Site "Podolsk"]
[Date "1993.??.??"]
[Round "?"]
[White "Fominyh, Alexander"]
[Black "Svirin, Oleg"]
[Result "1-0"]
[WhiteElo "2505"]
[BlackElo "2355"]
[PlyCount "76"]
[EventDate "1993.??.??"]
[EventType "team"]
[EventRounds "9"]
[EventCountry "RUS"]
[SourceTitle "CBM 038"]
[Source "ChessBase"]
[SourceDate "1994.02.01"]
[SourceVersion "1"]
[SourceVersionDate "1994.02.01"]
[SourceQuality "1"]

1. d4 d5 2. Nf3 Nf6 3. c4 c6 4. e3 Bf5 5. Nc3 e6 6. Nh4 Bg6 7. Nxg6 hxg6 8. g3 Nbd7 9. Qb3 dxc4 10. Qxc4 e5 11. Bg2 Nb6 12. Qd3 Qd7 13. 0-0 Rd8 14. Rd1 exd4 15. Ne2 dxe3 16. Qxe3+ Qe7 17. Rxd8+ Kxd8 18. Qf3 Rh5 19. h4 Re5 20. Kf1 Nfd5 21. Bg5 f6 22. Bf4 Nxf4 23. Nxf4 Qf7 24. Qd3+ Kc7 25. Nxg6 Re8 26. Nxf8 Qxf8 27. Rc1 Rd8 28. Qe4 Rd2 29. a4 Qd6 30. Qg4 Nd7 31. Re1 Rxb2 32. Kg1 Qc5 33. Rf1 Qe7 34. Qd4 Ra2 35. Rd1 a5 36. Bxc6 bxc6 37. Qa7+ Kc8 38. Qa6+ Kb8 1-0

[Event "RUS-chT 01st"]
[Site "Podolsk"]
[Date "1992.??.??"]
[Round "?"]
[White "Dvoirys, Semen I"]
[Black "Svirin, Oleg"]
[Result "1-0"]
[WhiteElo "2515"]
[BlackElo "2370"]
[PlyCount "63"]
[EventDate "1992.??.??"]
[EventType "team"]
[EventRounds "12"]
[EventCountry "RUS"]
[SourceTitle "EXT 2020"]
[Source "ChessBase"]
[SourceDate "2019.10.17"]
[SourceVersion "1"]
[SourceVersionDate "2019.10.17"]
[SourceQuality "1"]
[WhiteTeam "Cheliabinsk Khorda"]
[BlackTeam "Smolensk Phoenix"]
[WhiteTeamCountry "RUS"]
[BlackTeamCountry "RUS"]

1. e4 e5 2. Nf3 Nc6 3. Bb5 a6 4. Ba4 Nf6 5. 0-0 Be7 6. d3 b5 7. Bb3 d6 8. a4 Bb7 9. Nc3 b4 10. Ne2 d5 11. exd5 Nxd5 12. a5 0-0 13. Ng3 Nf4 14. d4 Bd6 15. Bxf4 exf4 16. Nf5 g6 17. Nxd6 cxd6 18. Bd5 Ra7 19. Qd3 Nb8 20. Bxb7 Rxb7 21. Qe4 Rb5 22. Qxf4 Nc6 23. h4 Nxa5 24. Rfe1 Qc7 25. Re2 Ra8 26. Rae1 Nc6 27. Qh6 Qd7 28. Ng5 Rxg5 29. Qxg5 Nxd4 30. Re7 Qf5 31. Qh6 Qc8 32. Rxf7 1-0

[Event "Smolensk Alekhine op-A"]
[Site "Smolensk"]
[Date "1992.??.??"]
[Round "4"]
[White "Kondenko, Alexey"]
[Black "Svirin, Oleg"]
[Result "0-1"]
[WhiteElo "2385"]
[BlackElo "2335"]
[PlyCount "77"]
[EventDate "1992.??.??"]
[EventType "swiss"]
[EventRounds "9"]
[EventCountry "RUS"]
[SourceTitle "EXT 1997"]
[Source "ChessBase"]
[SourceDate "1996.11.15"]
[SourceVersion "1"]
[SourceVersionDate "1996.11.15"]
[SourceQuality "1"]

1. e4 e5 2. Nf3 Nc6 3. Bb5 a6 4. Ba4 Nf6 5. 0-0 Be7 6. Re1 b5 7. Bb3 0-0 8. d4 Nxd4 9. Nxd4 exd4 10. e5 Ne8 11. c3 dxc3 12. Nxc3 d6 13. Qf3 Be6 14. Nd5 Rc8 15. a4 dxe5 16. axb5 axb5 17. Rxe5 Bd6 18. Bg5 Qd7 19. Re3 h6 20. Bh4 Bxd5 21. Bxd5 c6 22. Bb3 c5 23. Rd1 Qc7 24. Qg4 Rb8 25. h3 Kh8 26. Qh5 f5 27. Be6 f4 28. Red3 Rb6 29. Bf5 c4 30. Rd5 f3 31. Re1 Bh2+ 32. Kh1 fxg2+ 33. Kxg2 Nd6 34. Bc2 Bf4 35. Re7 Qc6 36. Rxg7 Nf5 37. Rf7 Qg6+ 38. Qg4 Nxh4+ 39. Kf1 0-1

[Event "Smolensk Alekhine op-A"]
[Site "Smolensk"]
[Date "1992.??.??"]
[Round "6"]
[White "Shchekachev, Andrei"]
[Black "Svirin, Oleg"]
[Result "1-0"]
[WhiteElo "2475"]
[BlackElo "2335"]
[PlyCount "83"]
[EventDate "1992.??.??"]
[EventType "swiss"]
[EventRounds "9"]
[EventCountry "RUS"]
[SourceTitle "EXT 1997"]
[Source "ChessBase"]
[SourceDate "1996.11.15"]
[SourceVersion "1"]
[SourceVersionDate "1996.11.15"]
[SourceQuality "1"]

1. e4 e5 2. Nf3 Nc6 3. Bb5 a6 4. Ba4 Nf6 5. d3 d6 6. c3 b5 7. Bb3 Be7 8. Nbd2 0-0 9. Nf1 d5 10. Qe2 d4 11. Ng3 a5 12. 0-0 a4 13. Bc2 dxc3 14. bxc3 b4 15. Bd2 Re8 16. Rab1 bxc3 17. Bxc3 Nd4 18. Nxd4 exd4 19. Bd2 Be6 20. Qd1 Qd7 21. h3 c5 22. f4 Qc6 23. Ra1 Bc8 24. Rc1 Bf8 25. Rf2 c4 26. dxc4 d3 27. Bxd3 Bc5 28. Qe2 Bxf2+ 29. Qxf2 Rd8 30. Bb1 Nd7 31. Nf5 Re8 32. e5 Nc5 33. Nd6 Re6 34. Be3 Nb7 35. Be4 Qd7 36. c5 Nxd6 37. Bxa8 Nf5 38. Be4 Nxe3 39. Qxe3 Bb7 40. c6 Bxc6 41. f5 Rh6 42. e6 1-0

[Event "Smolensk Alekhine op-A"]
[Site "Smolensk"]
[Date "1992.??.??"]
[Round "3"]
[White "Svirin, Oleg"]
[Black "Furman, Boris"]
[Result "1/2-1/2"]
[WhiteElo "2335"]
[BlackElo "2230"]
[PlyCount "141"]
[EventDate "1992.??.??"]
[EventType "swiss"]
[EventRounds "9"]
[EventCountry "RUS"]
[SourceTitle "EXT 1997"]
[Source "ChessBase"]
[SourceDate "1996.11.15"]
[SourceVersion "1"]
[SourceVersionDate "1996.11.15"]
[SourceQuality "1"]

1. Nf3 d5 2. d4 Nf6 3. c4 e6 4. Nc3 Bb4 5. Bg5 h6 6. Bxf6 Qxf6 7. e3 c5 8. Rc1 dxc4 9. dxc5 Bxc5 10. Bxc4 0-0 11. 0-0 Qe7 12. Ne4 Bb6 13. Qd6 Nc6 14. Rfd1 Rd8 15. Qxe7 Nxe7 16. Rxd8+ Bxd8 17. Nd6 Nf5 18. Nxf5 exf5 19. Ne5 Be6 20. Bxe6 fxe6 21. Kf1 Kf8 22. Ke2 Ke8 23. b3 Bf6 24. Nd3 Be7 25. Rc7 Rb8 26. Nf4 Kf7 27. a4 g5 28. Ng6 Kxg6 29. Rxe7 Kf6 30. Rh7 Kg6 31. Re7 Kf6 32. Rh7 Kg6 33. Rd7 h5 34. h3 h4 35. Kf3 Kf6 36. g3 hxg3 37. Kxg3 Ke5 38. Rg7 a5 39. Rxg5 b5 40. Rh5 bxa4 41. bxa4 Rb4 42. Rh4 Kf6 43. Rd4 Kg5 44. Kf3 Rb2 45. Rd6 Ra2 46. Rxe6 Rxa4 47. Ra6 Ra1 48. h4+ Kxh4 49. Kf4 Kh3 50. Kxf5 Kg2 51. f4 Kf3 52. Ke6 Kxe3 53. f5 Kd4 54. f6 Kc5 55. f7 Re1+ 56. Kd7 Rf1 57. Ke7 Rxf7+ 58. Kxf7 Kb4 59. Ke6 a4 60. Kd5 a3 61. Kd4 Kb3 62. Kd3 Kb2 63. Rb6+ Kc1 64. Rc6+ Kb2 65. Rc2+ Kb3 66. Rc3+ Kb2 67. Rc2+ Kb3 68. Rc7 Kb2 69. Rb7+ Kc1 70. Ra7 Kb2 71. Rb7+ 1/2-1/2

[Event "Smolensk Alekhine op-A"]
[Site "Smolensk"]
[Date "1992.??.??"]
[Round "1"]
[White "Svirin, Oleg"]
[Black "Mitenkov, Alexey"]
[Result "0-1"]
[WhiteElo "2335"]
[BlackElo "2420"]
[PlyCount "122"]
[EventDate "1992.??.??"]
[EventType "swiss"]
[EventRounds "9"]
[EventCountry "RUS"]
[SourceTitle "EXT 1997"]
[Source "ChessBase"]
[SourceDate "1996.11.15"]
[SourceVersion "1"]
[SourceVersionDate "1996.11.15"]
[SourceQuality "1"]

1. Nf3 Nf6 2. c4 e6 3. Nc3 c5 4. g3 b6 5. Bg2 Bb7 6. 0-0 Be7 7. d4 cxd4 8. Qxd4 d6 9. Bg5 a6 10. Rfd1 Nbd7 11. Nd2 Bxg2 12. Kxg2 Qc7 13. Nde4 Qc6 14. f3 0-0 15. Nxd6 Bxd6 16. Qxd6 Qxc4 17. Rd4 Qc8 18. e4 h6 19. Bxf6 Nxf6 20. Rad1 Ra7 21. e5 Ne8 22. Qxb6 Rb7 23. Rd8 Qc7 24. Qxc7 Rxb2+ 25. R1d2 Rxd2+ 26. Rxd2 Nxc7 27. Rb2 Rd8 28. Kf2 Rd3 29. Ne4 Ra3 30. Nd6 g5 31. Nc4 Rc3 32. Ne3 Ra3 33. h4 gxh4 34. gxh4 h5 35. Nc4 Ra4 36. Rc2 Nd5 37. a3 Kg7 38. Ke2 Kg6 39. Kd3 Kf5 40. Rb2 Kf4 41. Rb7 Kxf3 42. Rxf7+ Kg3 43. Rb7 Kxh4 44. Kd4 Kg5 45. Kc5 h4 46. Rg7+ Kh6 47. Rg8 Nf4 48. Rg4 Ng6 49. Rg1 Kh5 50. Rh1 Nf4 51. Kd4 Nd5 52. Kc5 Kg4 53. Rd1 Kf4 54. Rf1+ Kg3 55. Rg1+ Kh2 56. Rg6 Nf4 57. Rg4 Ng2 58. Rg6 Nf4 59. Rg4 Nd3+ 60. Kd6 h3 61. Re4 Nf2 0-1

[Event "Belavenets Memorial op"]
[Site "Smolensk"]
[Date "1991.??.??"]
[Round "?"]
[White "Gergel, Vladimir P"]
[Black "Svirin, Oleg"]
[Result "1/2-1/2"]
[WhiteElo "2305"]
[BlackElo "2370"]
[PlyCount "73"]
[EventDate "1991.??.??"]
[EventType "swiss"]
[EventRounds "9"]
[EventCountry "URS"]
[SourceTitle "EXT 2000"]
[Source "ChessBase"]
[SourceDate "1999.11.16"]
[SourceVersion "1"]
[SourceVersionDate "1999.11.16"]
[SourceQuality "1"]

1. e4 e5 2. Nf3 Nc6 3. Bb5 a6 4. Ba4 Nf6 5. d3 d6 6. c3 Be7 7. Nbd2 0-0 8. Nf1 b5 9. Bb3 d5 10. Ng3 dxe4 11. dxe4 Qxd1+ 12. Bxd1 Re8 13. 0-0 Bb7 14. Bc2 g6 15. h3 Bf8 16. Bg5 Kg7 17. Rfd1 h6 18. Be3 Na5 19. Nd2 c5 20. f3 Bc6 21. Nh1 Nd7 22. Nf2 Nb7 23. Nd3 Nd8 24. a4 Ne6 25. axb5 axb5 26. b4 c4 27. Nf2 Rxa1 28. Rxa1 Ra8 29. Rxa8 Bxa8 30. g3 Bd6 31. Kf1 Bc7 32. Ke2 Bc6 33. h4 Nf6 34. Nh3 Nh5 35. Kf2 Bd7 36. Ng1 Nd8 37. Ne2 1/2-1/2